Normal view
MARC view
- BRITTON, CAROL
Entry Personal Name
001 - CONTROL NUMBER
- control field: 89264
003 - CONTROL NUMBER IDENTIFIER
- control field: NUST
005 - DATE AND TIME OF LATEST TRANSACTION
- control field: 20220221142613.0
008 - FIXED-LENGTH DATA ELEMENTS
- fixed length control field: 220221|| aca||aabn | a|a d
040 ## - CATALOGING SOURCE
- Original cataloging agency: NUST
- Transcribing agency: NUST
100 ## - HEADING--PERSONAL NAME
- Personal name: BRITTON, CAROL
670 ## - SOURCE DATA FOUND
- Source citation: Work cat.: (NUST): BRITTON, CAROL., OBJECT ORIENTED SYSTEM /, 1991.
